000 00797nam a2200205 a 4500
003 0
005 20250423093818.0
008 970111s19uu xx 00 eng d
050 _aPGS HQ 784.P6
_b.M313 2003
100 _aMarcaida, Enrique Angelico A.
245 _aPerceptions of selected grade 6 students on the importance, features & expenses of cell phones /
_cEnrique Angelo A. Marcaida.
260 _aLas PiƱas City, Philippines :
_bSouthville International School and Colleges,
_c2003.
300 _a35 pages :
_billustrations ;
_c28 cm.
504 _aIncludes bibliographical references.
650 _aCell phones
_vSocial aspects.
650 _aCell phones
_vPsychological aspects.
650 _aCell phones
_vEconomic aspects.
650 _aChildren
_vAttitudes.
942 _2lcc
_cPASS
999 _c96890
_d96890